15 Largest Cities in Sudan🇸🇩 - Statistics

General Stats
  • This quiz has been taken 44 times
  • The average score is 6 of 15
Answer Stats
Population City % Correct
1.9 mil Khartoum
100%
489k Port Sudan
93%
1.2 mil Omdurman
79%
565k Nyala
50%
252k El Fasher
43%
393k El Obeid
43%
401k Kassala
43%
363k Al Qadarif
29%
345k Kosti
29%
135k Rabak
29%
186k Ad-Damazin
21%
332k Wad Medani
21%
264k El Daein
14%
162k Geneina
7%
250k Singa
0%
No matching quizzes found
Score Distribution
Percent of People with Each Score
Percentile by Number Answered
Your Score History
You have not taken this quiz